00945naa#a2200181#i#4500001001600000005001700016011001400033100004100047102000700088200030600095210011900401215001000520608004500530675004800575700005800623700005800681856002400739RU\\bibl\12178820260602210246.2##a2658-638X##a20251215b2025####ek#y0rusy0150####ca##aRU1#aФАКТОРЫ ИНФОРМАЦИОННО-ПСИХОЛОГИЧЕСКОЙ УСТОЙЧИВОСТИ К ВОСПРИЯТИЮ НЕДОСТОВЕРНОЙ ИНФОРМАЦИИ ОБУЧАЮЩИХСЯ ОБРАЗОВАТЕЛЬНЫХ ОРГАНИЗАЦИЙ МВД РОССИИeЖурнальная статья1#aМоскваcМосковский университет МВД России имени В.Я. Кикотяd2025##a5 с.##aЖурнальная статья2local##aФилософия. Психология. 1#1aСитниковgВалерий Леонидович#1aБулавинаgЕлена Владимировна4#amosumvd.editorum.ru